Florida!!! - Taylor Swift Lyrics - Statistics

General Stats
  • This quiz has been taken 5 times
  • The average score is 383 of 416
Answer Stats
Answer % Correct
a
100%
all
100%
and
100%
arrested
100%
babies
100%
back
100%
bad
100%
be
100%
beat
100%
best
100%
can
100%
charges
100%
city
100%
crazy
100%
driving
100%
drug
100%
Florida
100%
friends
100%
fuck
100%
get
100%
go
100%
guest
100%
have
100%
heat
100%
hell
100%
home's
100%
I
100%
if
100%
I'll
100%
in
100%
it
100%
it's
100%
just
100%
know
100%
lay
100%
like
100%
little
100%
me
100%
mind
100%
my
100%
myself
100%
no
100%
of
100%
on
100%
one
100%
only
100%
or
100%
reeks
100%
rest
100%
said
100%
say
100%
share
100%
smell
100%
so
100%
song
100%
Texas
100%
that
100%
the
100%
they
100%
thing
100%
this
100%
time
100%
to
100%
too
100%
up
100%
use
100%
was
100%
we
100%
weed
100%
You
100%
you
100%
you'll
100%
your
100%
you're
100%
any
80%
asks
80%
at
80%
away
80%
been
80%
bodies
80%
body
80%
bottle
80%
bury
80%
but
80%
came
80%
cheat
80%
despicable
80%
Destin
80%
did
80%
down
80%
ever
80%
feeling
80%
fine
80%
for
80%
forget
80%
ghosts
80%
got
80%
guess
80%
had
80%
haunted
80%
here
80%
hurricane
80%
I'm
80%
into
80%
is
80%
I've
80%
life
80%
must
80%
name
80%
need
80%
out
80%
pack
80%
pay
80%
questions
80%
really
80%
regrets
80%
shitstorm
80%
some
80%
swamp
80%
take
80%
tell
80%
their
80%
them
80%
town
80%
true
80%
unforgivable
80%
wait
80%
well
80%
what
80%
when
80%
with
80%
yes
80%
are
60%
barricaded
60%
beautiful
60%
cheating
60%
crash
60%
crimes
60%
dared
60%
disappeared
60%
dolls
60%
don't
60%
drunk
60%
girls
60%
husband
60%
lace
60%
least
60%
left
60%
love
60%
rush
60%
sink
60%
want
60%
wash
60%
wine
60%
bathroom
40%
exist
40%
work
40%
No matching quizzes found
Score Distribution
Percent of People with Each Score
Percentile by Number Answered
Your Score History
You have not taken this quiz